000 00715nam a2200289Ia 4500
005 20260324133300.0
008 008 260324s9999 xx 000 0 eng d
020 _a9781315073804
037 _aEBOOK
040 _aCRL
040 _beng
040 _cCRL
041 _2eng
041 _aeng
084 _qCRL
100 _aAmory B. Lovins
_91192498
245 0 _aSmall is Profitable
245 4 _bThe Hidden Economic Benefits of Making Electrical Resources the Right Size
260 _bTaylor and Francis
260 _c2003
365 _a
365 _b1155
856 _uhttp://www.taylorfrancis.com/books/9781315073804
942 _cEBOOK
999 _c1791396
_d1791396